| 000 | 00547nam a22001817a 4500 | ||
|---|---|---|---|
| 020 | _qHard Cover. | ||
| 082 | _a302.2 | ||
| 100 | _aHassan, Ahmed | ||
| 245 |
_aIn Niz Bugzdar: _b(Short-film) / _cAhmed Hassan. |
||
| 260 |
_aIslamabad: _bS3H - NUST, _c2019. |
||
| 300 |
_a20 p. : _bill. ; _c30cm. |
||
| 563 | _aa | ||
| 650 |
_aMass Communication BS-Project. _927857 |
||
| 700 |
_aNazia Akram. _927861 |
||
| 856 | _uhttp://10.250.8.41:8080/xmlui/handle/123456789/8269 | ||
| 942 |
_2ddc _cTHE |
||
| 999 |
_c533846 _d533846 |
||